[Event "AUTO-OPEN-1694"]
[Site "http://www.queenalice.com/game.php?id=653810"]
[Date "2009.9.17"]
[Round "1"]
[White "Yukontodd"]
[Black "Reminoushkii"]
[Result "1-0"]
[WhiteElo "1445"]
[BlackElo "1500"]

1. e4 c5 2. Nf3 e6 3. Nc3 d6 4. d4 cxd4 5. Nxd4 a6 6. b3 Nf6 7. Nf3 Nbd7 8. Bb2
Qc7 9. Bc4 Ng4 10. h3 Ngf6 11. Qd2 Nb6 12. O-O-O Nxc4 13. bxc4 Qxc4 14. e5 Nd7
15. Qd4 d5 16. Qxc4 dxc4 17. Ne4 b5 18. Nd6+ Bxd6 19. exd6 O-O 20. g4 Ra7 21.
Ng5 h6 22. Ne4 Nb6 23. Bd4 Rb7 24. Bxb6 Rxb6 25. d7 b4 26. d8=Q Rb8 27. Qxf8+
Kxf8 28. Rd8+ Ke7 29. Rhd1 f5 30. gxf5 exf5 31. Nc5 a5 32. Na6 Ra8 33. Nc7 1-0

[Event "AUTO-OPEN-1694"]
[Site "http://www.queenalice.com/game.php?id=653832"]
[Date "2009.9.17"]
[Round "1"]
[White "Football_rules"]
[Black "Reminoushkii"]
[Result "1-0"]
[WhiteElo "1602"]
[BlackElo "1226"]

1. e4 c5 2. Bc4 e5 3. Qf3 Nf6 4. d3 d6 5. Bg5 Bg4 6. Qg3 Be6 7. Bxe6 fxe6 8. Nc3
Nbd7 9. Nf3 Be7 10. O-O-O O-O 11. Bh6 Nh5 12. Qg4 Ndf6 13. Qxe6+ Kh8 14. Ng5 Ng4
15. Rdf1 Nxh6 16. Nf3 Nf4 17. Qc4 Nxg2 18. Nd2 Nf4 19. a3 a6 20. Nf3 Nh3 21. Ng1
Nxf2 22. Nge2 1-0

[Event "AUTO-OPEN-1694"]
[Site "http://www.queenalice.com/game.php?id=653833"]
[Date "2009.9.17"]
[Round "1"]
[White "Reminoushkii"]
[Black "Football_rules"]
[Result "0-1"]
[WhiteElo "1224"]
[BlackElo "1604"]

1. d4 d5 2. c4 dxc4 3. Nc3 e6 4. a3 Nc6 5. e3 Bd6 6. Bxc4 a6 7. Nge2 Nf6 8. O-O
Qe7 9. e4 e5 10. Bg5 exd4 11. Nxd4 Qe5 12. Nf3 Qc5 13. b3 Bd7 14. Na4 Qa5 15. b4
Nxb4 16. Bxf6 gxf6 17. axb4 Qxb4 18. Qd5 Be6 19. Qd4 Bxc4 20. Rfb1 Qa5 21. Qxc4
c6 22. Nb6 Rd8 0-1

[Event "AUTO-OPEN-1695"]
[Site "http://www.queenalice.com/game.php?id=654580"]
[Date "2009.9.18"]
[Round "1"]
[White "Ustin"]
[Black "Reminoushkii"]
[Result "1-0"]
[WhiteElo "2165"]
[BlackElo "1273"]

1. d4 e6 2. c4 Nc6 3. Nf3 d6 4. Nc3 e5 5. dxe5 Be6 6. Bf4 Be7 7. Qa4 Qd7 8. Nb5
d5 9. O-O-O a6 10. cxd5 Bxd5 11. Rxd5 Qf5 12. Nxc7+ Kf8 13. e6 Nb4 14. Rxf5 1-0

[Event "AUTO-OPEN-1695"]
[Site "http://www.queenalice.com/game.php?id=654581"]
[Date "2009.9.18"]
[Round "1"]
[White "Reminoushkii"]
[Black "Ustin"]
[Result "0-1"]
[WhiteElo "1222"]
[BlackElo "2206"]

1. Nf3 Nf6 2. d3 d5 3. e3 Nc6 4. Be2 e5 5. a3 Bd6 6. Nbd2 O-O 7. b4 e4 8. dxe4
dxe4 9. Ng5 Qe7 10. f3 Qe5 11. Nxh7 Nxh7 12. Rb1 Nf6 13. Bb2 Qg5 14. fxe4 Be5
15. O-O Bxb2 0-1

[Event "AUTO-OPEN-1695"]
[Site "http://www.queenalice.com/game.php?id=654596"]
[Date "2009.9.18"]
[Round "1"]
[White "positionalgenius"]
[Black "Reminoushkii"]
[Result "1-0"]
[WhiteElo "1981"]
[BlackElo "1273"]

1. e4 c5 2. Nf3 Nc6 3. d4 cxd4 4. Nxd4 Nxd4 5. Qxd4 e6 6. Bc4 Ne7 7. O-O b6 8.
Nc3 Bb7 9. f4 Nc6 10. Qf2 Nd4 11. Be3 Qc7 12. Bxd4 Qxc4 13. Rad1 Qb4 14. a3 Qxb2
15. Nd5 Bc5 16. Nc7+ Kd8 17. Nxa8 1-0

[Event "AUTO-OPEN-1695"]
[Site "http://www.queenalice.com/game.php?id=654597"]
[Date "2009.9.18"]
[Round "1"]
[White "Reminoushkii"]
[Black "positionalgenius"]
[Result "0-1"]
[WhiteElo "1273"]
[BlackElo "1979"]

1. e4 c5 2. Bc4 e6 3. d3 d5 4. exd5 exd5 5. Bb3 Nf6 6. Nf3 Be7 7. O-O O-O 8. c3
a6 9. Nbd2 Nbd7 10. Re1 b5 11. Qc2 Bb7 12. a4 c4 13. Ba2 Re8 14. b3 cxb3 15.
Bxb3 Rc8 0-1

[Event "AUTO-OPEN-1697"]
[Site "http://www.queenalice.com/game.php?id=655408"]
[Date "2009.9.20"]
[Round "1"]
[White "Rosberg"]
[Black "Reminoushkii"]
[Result "1-0"]
[WhiteElo "2294"]
[BlackElo "1273"]

1. d4 Nf6 2. c4 e6 3. Nc3 Bb4 4. Qc2 Nc6 5. e3 d6 6. a3 Bxc3+ 7. Qxc3 O-O 8. Nf3
b6 9. Be2 Bb7 10. O-O Re8 11. Qc2 Ne7 12. b3 d5 13. cxd5 Nfxd5 14. Bd2 Rc8 15.
Bb5 c6 16. Bd3 Nf6 17. Ng5 g6 18. b4 1-0

[Event "AUTO-OPEN-1697"]
[Site "http://www.queenalice.com/game.php?id=655409"]
[Date "2009.9.20"]
[Round "1"]
[White "Reminoushkii"]
[Black "Rosberg"]
[Result "0-1"]
[WhiteElo "1273"]
[BlackElo "2293"]

1. d4 Nf6 2. Nc3 d5 3. e3 Nc6 4. h3 Bf5 5. Bd2 Ne4 6. Nge2 Nxd2 7. Qxd2 Nb4 8.
Rc1 Bc8 9. g3 e6 10. Bg2 Be7 11. O-O c6 12. a3 Na6 13. Nf4 O-O 14. Nce2 Kh8 15.
c4 dxc4 16. Rxc4 e5 17. Nd3 exd4 0-1

[Event "AUTO-OPEN-1697"]
[Site "http://www.queenalice.com/game.php?id=655438"]
[Date "2009.9.20"]
[Round "1"]
[White "Reminoushkii"]
[Black "MusicMan"]
[Result "0-1"]
[WhiteElo "1213"]
[BlackElo "1605"]

1. c4 Nc6 2. d4 d5 3. Nf3 g6 4. Nc3 Bg7 5. cxd5 Nb8 6. e4 Bg4 7. Be2 Bxf3 8.
Bxf3 e6 9. Be3 Ne7 10. dxe6 O-O 11. exf7+ Rxf7 12. e5 Nbc6 13. e6 Rf8 14. d5 Nb4
15. O-O Qe8 16. a3 Na6 17. Bd4 Bxd4 18. Qxd4 c5 19. Qh4 Nf5 20. Qg5 Nc7 21. Ne4
h6 22. Nf6+ Rxf6 0-1

[Event "AUTO-OPEN-1697"]
[Site "http://www.queenalice.com/game.php?id=655439"]
[Date "2009.9.20"]
[Round "1"]
[White "MusicMan"]
[Black "Reminoushkii"]
[Result "1-0"]
[WhiteElo "1603"]
[BlackElo "1214"]

1. Nf3 e6 2. g3 d5 3. Bg2 Nf6 4. Ne5 c5 5. O-O Bd6 6. f4 b5 7. c4 bxc4 8. d3
Bxe5 9. fxe5 Nfd7 10. dxc4 Bb7 11. Nd2 Nb6 12. Qc2 N8d7 13. b3 Nxe5 14. Bb2 f6
15. Rad1 Rb8 16. Ne4 d4 17. Nxc5 Qd6 18. Nxb7 Rxb7 19. Rxd4 Qc5 20. Bxb7 Ng4 21.
Bc1 Qxd4+ 22. e3 Nxe3 23. Bxe3 Qxe3+ 24. Kh1 1-0

[Event "AUTO-OPEN-1697"]
[Site "http://www.queenalice.com/game.php?id=655440"]
[Date "2009.9.20"]
[Round "1"]
[White "Reminoushkii"]
[Black "dequeue"]
[Result "0-1"]
[WhiteElo "1226"]
[BlackElo "1890"]

1. d4 f5 2. e3 g6 3. Bc4 e6 4. Nf3 Nc6 5. O-O Nf6 6. Nc3 Bg7 7. d5 Na5 8. b3 O-O
9. Qd4 Nxd5 10. Qd2 Nxc4 11. bxc4 Bxc3 12. Qd3 Bxa1 13. cxd5 Bf6 14. dxe6 dxe6
15. Qxd8 Rxd8 16. Re1 Bc3 17. Rf1 b6 18. Ba3 Ba6 19. Rb1 Bb5 0-1

[Event "AUTO-OPEN-1697"]
[Site "http://www.queenalice.com/game.php?id=655441"]
[Date "2009.9.20"]
[Round "1"]
[White "dequeue"]
[Black "Reminoushkii"]
[Result "1-0"]
[WhiteElo "1888"]
[BlackElo "1226"]

1. e4 c5 2. Nf3 Nc6 3. d4 cxd4 4. Nxd4 Nxd4 5. Qxd4 e6 6. Nc3 Ne7 7. Nb5 Nc6 8.
Nd6+ Bxd6 9. Qxd6 f6 10. Bd3 Qe7 11. Qxe7+ Nxe7 12. Bd2 b6 13. O-O-O O-O 14. Bb4
Re8 15. f4 Nc6 16. Bd6 a5 17. c3 Bb7 18. Rhg1 1-0